000
00325nam a2200145Ia 4500
100
_a
STEPHENSON DAVID A
650
_a
PRODUCTION
942
_c
BK
366
_f
20
245
_a
Metal Cutting Theory And Practice
260
_b
Taylor and francis
_a
London
_c
2010
082
_a
671.5/STE
300
_a
846
546
_a
ENGLISH
999
_c
32270
_d
32270